| 000 | 01326naa a22003977a 4500 | ||
|---|---|---|---|
| 001 | BR8900337 | ||
| 003 | BR-BrBNA | ||
| 005 | 20250721155337.0 | ||
| 007 | ta | ||
| 008 | 250630b bl.|||m| |||| 00| 0 por d | ||
| 040 |
_aBR-BrBNA _bpor _cBiblioteca Nacional de Agricultura |
||
| 041 | _a(Pt) | ||
| 072 |
_aF04 _b0170 _b3840 |
||
| 090 | _aF04 BR8900337 | ||
| 100 | 1 | _aVasconcellos, C.A. | |
| 100 | 1 | _aSantos, H.L. dos | |
| 100 | 1 | _aFranca, G.E. de | |
| 245 | 1 | _aCalagem e adubacao na cultura do sorgo | |
| 246 | 1 | _a[Agriculture lime and dressing in sorghum cultivation] | |
| 246 | 1 | _a[Technical reccomendations for sorghum cultivation] | |
| 500 | _aRecomendacoes tecnicas para o cultivo do sorgo Sete Lagoas, MG (Brasil): 1988. p. 19-26 [5 tables; 6 ref.] (BR8900337-AMS) | ||
| 773 | 0 |
_tRecomendacoes tecnicas para o cultivo do sorgo _wF04 BR8900337 _gSete Lagoas, MG (Brasil), 1988. p. 19-26 |
|
| 650 | _aSORGO | ||
| 650 | _aADUBACAO | ||
| 650 | _aCALAGEM | ||
| 650 | _aACIDEZ DO SOLO | ||
| 650 | _aPH | ||
| 650 | _aCALCARIO | ||
| 650 | _aNITROGENIO | ||
| 650 | _aFOSFORO | ||
| 650 | _aPOTASSIO | ||
| 650 | _aZINCO | ||
| 490 |
_aCircular Tecnica - Centro Nacional de Pesquisa de Milho e Sorgo (Brazil) _vno. 1 _xISSN 0100-8013 |
||
| 942 |
_cAMS _2AGRIS |
||
| 909 |
_a202506 _bLúcia _c55 _dLúcia Elande |
||
| 999 |
_c335988 _d335988 |
||